Doğru Yol Partisi ile Sosyaldemokrat Halkçı Parti arasında imzalanan ortak hükümet protokolü ve ekleri (Kayıt no. 9673)
[ düz görünüm ]
| 000 -BAŞLIK | |
|---|---|
| Sabit Uzunlukta Kontrol Alanı | 00916na a2200289 4500 |
| 001 - KONTROL NUMARASI | |
| Denetim Alanı | 22373 |
| 003 - KONTROL NUMARASI IDENTIFIER | |
| Denetim Alanı | MIRAKIL |
| 005 - SON İŞLEM TARİHİ VE ZAMANI | |
| Denetim Alanı | 20181213155253.0 |
| 008 - SABİT-BOY VERİ ELEMANLARI - GENEL BİLGİLER | |
| Sabit Uzunlukta Kontrol Alanı | 170213b tu 000 0 |
| 035 ## - SİSTEM KONTROL NUMARASI | |
| Sistem Kontrol Numarası | 22373 |
| 040 ## - KATALOGLAMA KAYNAK | |
| Orijinal Kataloglama Ajansı | Milas |
| Kataloglama Dili | tur |
| Metne Dönüştürmek Ajansı | TR-AnCHP |
| 041 ## - DİL KODU | |
| Metin / Ses Parça Veya Ayrı Başlığın Dil Kodu | tur |
| 082 ## - DEWEY ONLU SINIFLANDIRMA NUMARASI | |
| Sınıflandırma Numarası | SHP 320.011 |
| Ürün Numarası | D63 1993 |
| 090 ## - SINIFLAMA NUMARASI | |
| Sınıflama Numarası | SHP 27 |
| 245 ## - BAŞLIK TABLOSU | |
| Başlık | Doğru Yol Partisi ile Sosyaldemokrat Halkçı Parti arasında imzalanan ortak hükümet protokolü ve ekleri |
| Sorumluluk Tablosu, Vb | DYP, SHP |
| 260 ## - YAYIN, DAĞITIM, VB | |
| Yayın, Dağıtım, Vb Yeri | Ankara |
| Yayıncı, Dağıtıcı, Vs Adı | Başbakanlık |
| Yayın, Dağıtım, Vb Tarihi | Haziran 1993 |
| 300 ## - FİZİKSEL TANIM | |
| Kapsam | 19 s. |
| Boyutlar | 20 sm. |
| 610 ## - KONU KATMA GİRİŞ - TOPLANTI ADI | |
| Giriş Elemanı Olarak Kurumsal Ad Veya Yargı Alanı Adı | Sosyaldemokrat Halkçı Parti (SHP) |
| Genel Alt Bölüm | Koalisyonlar |
| 610 ## - KONU KATMA GİRİŞ - TOPLANTI ADI | |
| Giriş Elemanı Olarak Kurumsal Ad Veya Yargı Alanı Adı | Doğru Yol Partisi (DYP) |
| Genel Alt Bölüm | Koalisyonlar |
| 650 ## - KONU KATMA GİRİŞ - TOPİKAL DÖNEM | |
| Topikal Süreli Veya Coğrafi Ad Giriş Elemanı | Hükümet |
| Genel Alt Bölümü | Protokoller |
| 650 ## - KONU KATMA GİRİŞ - TOPİKAL DÖNEM | |
| Topikal Süreli Veya Coğrafi Ad Giriş Elemanı | DYP-SHP koalisyonu |
| Genel Alt Bölümü | Hükümet Sözleşmesi |
| 710 ## - KATMA GİRİŞ - KURUMSAL ADI | |
| Giriş Elemanı Olarak Kurumsal Ad Veya Yargı Alanı Adı | Sosyaldemokrat Halkçı Parti (SHP) |
| 710 ## - KATMA GİRİŞ - KURUMSAL ADI | |
| Giriş Elemanı Olarak Kurumsal Ad Veya Yargı Alanı Adı | Doğru Yol Partisi |
| 942 ## - EKLENDİ GİRİŞ ELEMANLARI (KOHA) | |
| Sınıflandırma Veya Raf Düzeni Kaynak | Dewey Decimal Classification |
| Koha Öğesi Türü | Kitaplar |
| 999 ## - SİSTEM KONTROL NUMARALARI (KOHA) | |
| Koha Biblionumber | 9673 |
| Koha Biblioitemnumber | 9673 |
| 657 ## - INDEX SÜRE - İŞLEVİ | |
| -- | 50. Hükümet |
| Kullanım Kısıtlamaları | Kalıcı Konum | Mevcut Konum | Edinme Tarihi | Edinim Kaynak | Kodlu Konum Eleme | Toplam Check-Out'Lar | Tam Çağrı Numarası | Barkod | Tarih Son Görülme | Kopya Sayısı | İtibaren Geçerli Fiyatlar | Koha Öğesi Türü |
|---|---|---|---|---|---|---|---|---|---|---|---|---|
| Kütüphane dışına çıkarılamaz | CHP Kütüphanesi | CHP Kütüphanesi | 02/13/2017 | Bağış | SHP | SHP 27 | 014256 | 02/13/2017 | k.2 | 02/13/2017 | Kitaplar |
